LIBRARY & INFORMATION CENTRE, KCAET, TAVANUR

ONLINE PUBLIC ACCESS CATALOGUE (OPAC)

Engineering Physics (Record no. 14682)

MARC details
000 -LEADER
fixed length control field 00303nam a22001217a 4500
020 ## - INTERNATIONAL STANDARD BOOK NUMBER
ISBN 9780071070140
082 ## - DEWEY DECIMAL CLASSIFICATION NUMBER
Classification number 530
Item number RAJ/EN
100 ## - MAIN ENTRY--AUTHOR NAME
Personal name Rajendran V.
245 ## - TITLE STATEMENT
Title Engineering Physics
260 ## - PUBLICATION, DISTRIBUTION, ETC. (IMPRINT)
Place of publication New Delhi
Name of publisher Tata McGraw- Hill Publishing Company Limited
Year of publication 2011
300 ## - PHYSICAL DESCRIPTION
Number of Pages 27.34
942 ## - ADDED ENTRY ELEMENTS (KOHA)
Koha item type Books
Holdings
Withdrawn status Lost status Damaged status Collection code Home library Current library Shelving location Date acquired Source of acquisition Cost, normal purchase price Full call number Accession Number Koha item type
        KAUAET KAUAET General Stacks 27/07/2016 Penta Books. 465.00 530 RAJ/EN 24217 Books
free website counter